Представление документа в формате RUSMARC

ПолеНазваниеЗначение
  Тип записи a
  Библиографический уровень m
001 Контрольный номер Book/7235
005 Дата корректировки 20240209174427.1
010 Индекс ISBN __
a ISBN 978-5-8243-1286-7
b Уточнения в пер.
d Цена 150 р. 00 к.
9 Тираж 1 000 экз.
090 Данные записи __
a Состояние записи 66.1(2)
b Тип записи Книги
c Язык записи Русский
d Отрасль знаний (КСУ) Другая
e Секретность Несекретно
g Вид записи Монография (однотомник)
x Дата передачи записи для обработки К56
100 Данные общей обработки __
a Данные общей обработки 20101113d2013 u u 1rusy ||||ca
101 Язык документа 0_
a Язык текста rus
105 Кодированные данные (монография) __
a Кодированные данные (монография) a z 000yy
200 Заглавие и сведения об ответственности 1_
a Заглавие Избранные труды
b Общее обозначение материала Текст
e Сведения, относящиеся к заглавию в 2 ч.
f Первые сведения об ответственности М. М. Ковалевский
g Последующие сведения об ответственности сост., авт. вступ. ст. и коммент. Н. Б. Хайлова
h Номер части Ч. 2
210 Выходные данные 1_
a Место издания Москва
c Издательство Российская политическая энциклопедия
d Дата издания 2010
215 Физическое описание __
a Объем 446 с.
d Формат см.
225 Серия 1_
a Серия Библиотека отечественной общественной мысли с древнейших времен до начала ХХ века
300 Общие примечания __
a Общие примечания Ограничения по возрасту - 16+
606 Тематические рубрики 0_
a Основная рубрика Общественная мысль - Россия
610 Ключевые слова 0_
a Ключевые слова политика
a Ключевые слова управление
a Ключевые слова политическая мысль
686 Индексы других классификаций __
a Классификационный индекс 66.1(2)
2 Код системы rubbk
700 Автор _1
a Фамилия Ковалевский
b Имя (инициалы) Максим Максимович
g Полное личное имя М. М.
801 Источник записи _0
a Страна RU
b Организация МБУК ЦБС г. Ульяновска
c Дата составления 20101113
801 Источник записи _1
a Страна RU
b Организация МБУК ЦБС г. Ульяновска
c Дата составления 20101113
899 Данные о местонахождении __
3 Книга № 13769
a Местонахождение 14 ф
i Авторский знак К 56
j Расстановочный фильтр 66.1(2)
d Название фонда Инв.книга №1
q Состояние Свободно
x Инвентарный номер 142343
899 Данные о местонахождении __
3 Книга № 13770
a Местонахождение 21 ф
i Авторский знак К56
d Название фонда Инв.книга №1
h Классификационная часть РШ 66.1(2)
q Состояние Свободно
x Инвентарный номер 142343
901 Тип документа __
t Тип документа m
910 Корректоры записи __
a Корректор записи Хисамова